Global Leadership and Cross - Cultural Training

Skúmanie viacerých prístupov k vedeniu vo vzťahu k medzikultúrnej inteligencii a medzikultúrnemu tréningu. Skúmanie črt na vedenie od stredných škôl a podnikov až k politike a verejnej sfére v súčasnom svete.

Salvato in:
Dettagli Bibliografici
Autore principale: Némethová, Ildikó, 1974-
Altri autori: Stradiotová, Eva, 1963-
Natura: Capitolo di libro
Lingua:inglese
Soggetti:
Tags: Aggiungi Tag
Nessun Tag, puoi essere il primo ad aggiungerne!!

MARC

LEADER 00000naa$a2200000$$$4500
001 0270543
005 20240502083814.2
041 0 |a eng 
044 |a DE 
245 1 0 |a Global Leadership and Cross - Cultural Training  |c Ildikó Némethová, Eva Stradiotová 
520 |a Skúmanie viacerých prístupov k vedeniu vo vzťahu k medzikultúrnej inteligencii a medzikultúrnemu tréningu. Skúmanie črt na vedenie od stredných škôl a podnikov až k politike a verejnej sfére v súčasnom svete. 
610 2 0 |a vedenie 
610 2 0 |a kompetencie interkultúrne 
610 2 0 |a komunikácia 
610 2 0 |a školenie odborné 
610 2 0 |a jazyky cudzie 
100 1 |a Némethová, Ildikó, 1974- 
700 1 |a Stradiotová, Eva, 1963-